Medical microbiology / (Record no. 114907)
[ view plain ]
| 000 -LEADER | |
|---|---|
| fixed length control field | 00813cam a22002774a 4500 |
| 008 - FIXED-LENGTH DATA ELEMENTS--GENERAL INFORMATION | |
| fixed length control field | |
| 020 ## - INTERNATIONAL STANDARD BOOK NUMBER | |
| International Standard Book Number | 0323035752 (pbk.) |
| 049 ## - LOCAL HOLDINGS (OCLC) | |
| Holding library | MAIN |
| 090 ## - LOCALLY ASSIGNED LC-TYPE CALL NUMBER (OCLC); LOCAL CALL NUMBER (RLIN) | |
| Classification number (OCLC) (R) ; Classification number, CALL (RLIN) (NR) | QR46 |
| Local cutter number (OCLC) ; Book number/undivided call number, CALL (RLIN) | MED |
| 003 - CONTROL NUMBER IDENTIFIER | |
| control field | |
| 005 - DATE AND TIME OF LATEST TRANSACTION | |
| control field | 20250128173618.0 |
| 040 ## - CATALOGING SOURCE | |
| Transcribing agency | NUST |
| 245 00 - TITLE STATEMENT | |
| Title | Medical microbiology / |
| Statement of responsibility, etc. | Cedric Mims ... [et. al] |
| 250 ## - EDITION STATEMENT | |
| Edition statement | Updated 3rd ed. |
| 260 ## - PUBLICATION, DISTRIBUTION, ETC. | |
| Place of publication, distribution, etc. | Edinburgh : |
| Name of publisher, distributor, etc. | Mosby, |
| Date of publication, distribution, etc. | 2004. |
| 300 ## - PHYSICAL DESCRIPTION | |
| Extent | x, 660 p. : |
| Other physical details | ill. (some col.) ; |
| Dimensions | 28 cm. |
| 500 ## - GENERAL NOTE | |
| General note | Includes index. |
| 504 ## - BIBLIOGRAPHY, ETC. NOTE | |
| Bibliography, etc. note | Includes bibliographic references. |
| 650 #0 - SUBJECT ADDED ENTRY--TOPICAL TERM | |
| Topical term or geographic name entry element | Medical microbiology. |
| 650 12 - SUBJECT ADDED ENTRY--TOPICAL TERM | |
| Topical term or geographic name entry element | Communicable Diseases |
| General subdivision | microbiology. |
| 700 1# - ADDED ENTRY--PERSONAL NAME | |
| Personal name | Mims, Cedric A. |
| 700 ## - ADDED ENTRY--PERSONAL NAME | |
| Personal name | Dockrell, Hazel M. |
| 700 ## - ADDED ENTRY--PERSONAL NAME | |
| Personal name | Goering, Richard V. |
| 907 ## - LOCAL DATA ELEMENT G, LDG (RLIN) | |
| a | .b1025402x |
| b | 01-02-11 |
| c | 07-04-08 |
| 942 ## - ADDED ENTRY ELEMENTS (KOHA) | |
| Koha item type | Ordinary Loan Books |
| Call number prefix | QR46 |
| Call number suffix | MED |
| Koha issues (borrowed), all copies | 1 |
| Date last seen | Total Checkouts | Full call number | Barcode | Date last checked out | Cost, replacement price | Price effective from | Koha item type | Lost status | Source of classification or shelving scheme | Damaged status | Not for loan | Collection | Withdrawn status | Home library | Current library | Shelving location | Date acquired | Cost, normal purchase price |
|---|---|---|---|---|---|---|---|---|---|---|---|---|---|---|---|---|---|---|
| 02/24/2025 | 14 | QR46 MER | 92004008611 | 01/28/2025 | 80.00 | 01/20/2023 | BOOKS | LCC | NFIC | MEDICAL | MAIN | GEN | 01/20/2023 | 80.00 |